| 000 | 00367nam a2200157Ia 4500 | ||
|---|---|---|---|
| 008 | 230917s9999||||xx |||||||||||||| ||und|| | ||
| 040 |
_e131216 _aMAIN |
||
| 041 | _aEnglish | ||
| 082 | _a657.48 M748F | ||
| 100 | _aMonga, J R | ||
| 245 | 0 | _aFinancial acountancy | |
| 250 | _a9th ed. | ||
| 260 |
_aNaida _bMayoor Paper Books _c1995 |
||
| 300 | _av. p. | ||
| 942 | _cBK | ||
| 999 |
_c89714 _d89714 |
||